Statistics for Genius Level General Knowledge #3

Click here to take the quiz!

General Stats

  • This quiz has been taken 12,856 times
  • The average score is 5 of 20

Answer Stats

QuestionAnswer% Correct
Who was the last Anglo-Saxon king of England?Harold II
39%
What language does the word "yogurt" come from?Turkish
35%
What is the number 17 in binary?10001
34%
What city in Oceania was devastated by an earthquake in 2011?Christchurch
34%
What major Asian inland sea has almost entirely dried up?Aral Sea
33%
What is the only 6 letter word that ends in mt?Dreamt
31%
What is the only country outside of Africa where cheetahs can still be found in the wild?Iran
30%
In what game can you get 50 extra points for a "bingo"?Scrabble
30%
What element comes between Uranium and Plutonium in the periodic table?Neptunium
29%
What type of creature is the closest relative to squids and octopuses?Cuttlefish
28%
What was the last year that was divisible by four that wasn't a leap year?1900
28%
Who is the patron saint of lost causes?St. Jude
24%
What is the world’s longest system of caves?Mammoth Cave
23%
What French fashion company sells its Birkin Bag over $10,000, but makes it nearly
impossible to purchase in order to create the illusion of scarcity?
Hermès
21%
Who sculpted "The Burghers of Calais"?Auguste Rodin
19%
What is the name for a group of rats whose tails have been tangled together?a Rat King
18%
What is Zeno known for creating?Paradoxes
16%
What is a drupe?A Type of {Fruit}
15%
What group of people were freed by Queen Elizabeth in 1574?The Serfs
11%
What is the term for a story or drawing made by several people, where each person adds
to it without seeing the work of the others?
Exquisite {Corpse}
8%

Score Distribution

Percentile by Number Answered

Percent of People with Each Score

Your Score History

You have not taken this quiz